Eszmék, eszmények, nosztalgiák
Elmentve itt :
| Szerző: | |
|---|---|
| Adatforrás: | Philobibl |
| Dokumentumtípus: | Könyv |
| Nyelv: | magyar |
| Kulcsszavak: | esztétika irodalomelmélet irodalomtörténet irodalom, magyar eszmetörténet, magyar |
| Megjelent: |
Bp.
Magvető K.
1989
|
| LEADER | 00464nam a2200169 c 4500 | ||
|---|---|---|---|
| 001 | bibDOK00000833 | ||
| 005 | 20200924115716.7 | ||
| 008 | 060518s1989 hu hun | ||
| 100 | 1 | |a Poszler György | |
| 245 | 1 | 0 | |a Eszmék, eszmények, nosztalgiák |c Poszler György |
| 260 | |a Bp. |b Magvető K. |c 1989 | ||
| 300 | |a 565 p. | ||
| 695 | |a esztétika | ||
| 695 | |a irodalomelmélet | ||
| 695 | |a irodalomtörténet | ||
| 695 | |a irodalom, magyar | ||
| 695 | |a eszmetörténet, magyar | ||